اردو ادب کا کوہنور کرامت علی کرامت / (Record no. 189928)

MARC details
000 -LEADER
fixed length control field 00804nam a22002057a 4500
005 - DATE AND TIME OF LATEST TRANSACTION
control field 20220714154533.0
010 ## - LCCN (DPL NO)
LC control number UR-11652
020 ## - INTERNATIONAL STANDARD BOOK NUMBER
International Standard Book Number
Terms of availability 550.00
035 ## - SYSTEM CONTROL NUMBER
System control number U-10207
037 ## - SOURCE OF ACQUISITION
Source of stock number/acquisition DBAD/PUB
Stock number -
082 ## - DEWEY DECIMAL CLASSIFICATION NUMBER
Classification number 841.08
100 ## - MAIN ENTRY--PERSONAL NAME
Personal name عز یز الر حمان
245 ## - TITLE STATEMENT
Title اردو ادب کا کوہنور کرامت علی کرامت /
Statement of responsibility, etc عز یز الر حمان اور عبد المتین جامی
Medium ا ر د و
246 ## - VARYING FORM OF TITLE
Title proper/short title Urdu Adab ka Kohinoor-Karamat Ali Karamat /
Remainder of title by Shaikh Azizur Rahman [and] Abdul Matin Jami
260 ## - PUBLICATION, DISTRIBUTION, ETC. (IMPRINT)
Place of publication, distribution, etc Bhubaneswar
Name of publisher, distributor, etc Odisha Urdu Academy
Date of publication, distribution, etc 2022 ء
270 ## - ADDRESS
Address Sanskruti Bhawan, Museum Complex, B.J.B. Nagar
City Bhubaneswar
Postal code 751014
300 ## - PHYSICAL DESCRIPTION
Extent 504 ص
Dimensions 22cm(Hb)
700 ## - ADDED ENTRY--PERSONAL NAME
Personal name عبد المتین جامی
942 ## - ADDED ENTRY ELEMENTS (KOHA)
Source of classification or shelving scheme Dewey Decimal Classification
Item type Urdu Bks
Classification part 841.08
Call number suffix ع ز ی
Holdings
Withdrawn status Lost status Not for loan Collection code Home library Current library Date acquired Source of acquisition Cost, normal purchase price Full call number Barcode Copy number Cost, replacement price Koha item type
      Non-fiction Central Library Central Library 14/07/2022 DBAD/PUB 550.00 841.08 ع ز ی U-10207 1 550.00 Urdu Bks

© Delhi Public Library
Hit Counter
free hit counter